| 000 | 00900pam a2200277 a 4500 | ||
|---|---|---|---|
| 001 | 3399504 | ||
| 003 | OSt | ||
| 005 | 20160509170126.0 | ||
| 008 | 891019s1990 nyua b 001 0 eng | ||
| 010 | _a 89029386 | ||
| 020 | _a0716720795 | ||
| 040 |
_aDLC _cDLC _dDLC |
||
| 050 | 0 | 0 |
_aQD151.5 _b.S57 1990b |
| 082 | 0 | 0 |
_a546 _220 _bSHR 1990 |
| 100 | 1 |
_aShriver, D. F. _98586 |
|
| 245 | 1 | 0 |
_aInorganic chemistry / _cDuward F. Shriver, P.W. Atkins, Cooper H. Langford. |
| 260 |
_aNew York : _bFreeman, _c1990. |
||
| 300 |
_axiii, 706 p. : _bill. ; _c26 cm. |
||
| 504 | _aIncludes bibliographical references. | ||
| 650 | 0 |
_aChemistry, Inorganic. _98270 |
|
| 700 | 1 |
_aAtkins, P. W. _98543 |
|
| 700 | 1 |
_aLangford, Cooper Harold, _98587 |
|
| 906 |
_a7 _bcbc _corignew _d1 _eocip _f19 _gy-gencatlg |
||
| 942 |
_2ddc _cSLOAN |
||
| 999 |
_c3919 _d3919 |
||